Online
Catalog

Fantasias en azucar / (Record no. 36560)

MARC details
000 -CABECERA
campo de control de longitud fija 00765nam a2200205 a 4500
001 - NÚMERO DE CONTROL
campo de control 000037070
005 - FECHA Y HORA DE LA ÚLTIMA TRANSACCIÓN
campo de control 20200930080125.0
008 - DATOS DE LONGITUD FIJA--INFORMACIÓN GENERAL
campo de control de longitud fija 120209s1995 sp a 000 0 spa d
020 ## - NÚMERO INTERNACIONAL ESTÁNDAR DEL LIBRO
Número Internacional Estándar del Libro 8471835932
040 ## - FUENTE DE LA CATALOGACIÓN
Centro catalogador/agencia de origen DO-SdBNP
Lengua de catalogación spa
Centro/agencia transcriptor BNPHU
082 ## - NÚMERO DE LA CLASIFICACIÓN DECIMAL DEWEY
Número de clasificación xxxx
Número de documento/Ítem F216
240 10 - TÍTULO UNIFORME
Título uniforme Cake decorating
Lenguaje de la obra español
245 00 - MENCIÓN DE TÍTULO
Título Fantasias en azucar /
Mención de responsabilidad, etc. Redacción Maite Pugés, Mayka Barciela ; traducción N. Aragay.
260 ## - PUBLICACIÓN, DISTRIBUCIÓN, ETC.
Lugar de publicación, distribución, etc. Barcelona :
Nombre del editor, distribuidor, etc. Hymsa
-- gruó Editorial Edipresse,
Fecha de publicación, distribución, etc. 1995.
300 ## - DESCRIPCIÓN FÍSICA
Extensión v.4 :
Otras características físicas il. ;
Dimensiones 29 cm.
505 0# - NOTA DE CONTENIDO CON FORMATO
Información miscelánea Tomo I :
Título Tartas clásicas --
Información miscelánea Tomo II :
Título Ideas brillantes --
Información miscelánea Tomo III :
Título El secreto del éxito --
Información miscelánea Tomo IV:
Título Acabados perfectos
700 1# - PUNTO DE ACCESO ADICIONAL--NOMBRE DE PERSONA
Nombre de persona Pugés, Maite
9 (RLIN) 59868
700 1# - PUNTO DE ACCESO ADICIONAL--NOMBRE DE PERSONA
Nombre de persona Barciela, Mayka
9 (RLIN) 59869
700 1# - PUNTO DE ACCESO ADICIONAL--NOMBRE DE PERSONA
Nombre de persona Aragay, N.,
Término indicativo de función/relación tr.
9 (RLIN) 63487
Holdings
Estado de retiro Estado de pérdida Restricciones de uso No para préstamo Código de colección Localización permanente Ubicación/localización actual Ubicación en estantería Fecha de adquisición Número de inventario Total de préstamos Signatura topográfica completa Código de barras Fecha visto por última vez Precio válido a partir de Tipo de ítem Koha
        Monografías: Libros y Folletos General General Orden iniciada 09.02.2012 LF1   xxxx F216 37070-10 25.06.2020 25.06.2020 No se presta
        Monografías: Libros y Folletos General General Orden iniciada 09.02.2012 LF1   xxxx F216 37070-20 25.06.2020 25.06.2020 No se presta
        Monografías: Libros y Folletos General General Orden iniciada 09.02.2012 LF1   xxxx F216 37070-30 25.06.2020 25.06.2020 No se presta
        Monografías: Libros y Folletos General General Orden iniciada 09.02.2012 LF1   xxxx F216 37070-40 25.06.2020 25.06.2020 No se presta

Powered by Koha